00424nam a2200145 a 450000100080000000500110000800800410001902200140006010000870007424500210016126000340018230000110021649000380022765000130026518181312019-08-22 1997 bl uuuu 00u1 u #d a0101-54941 aREUNIÃO DE PESQUISA DE SOJA DA REGIÃO CENTRAL DO BRASIL, 19., 1997, Jaboticabal. aAta e resumos... aLondrina: EMBRAPA-CNPSoc1997 a361 p. a(EMBRAPA-CNPSo. Documentos, 107). aSoybeans